1288 1093 1531 1029 1807 1261 1297 1471 1854 1309 1124 1165 1266 1843 1388 1904 1959 1622 1879 1873 1046 1687 1688 1331 1201 1159 1325 1353 1955 1762 1036 1020 1662 1484 1294 1225 1490 1683 1070 1720 1655 1598 1202 1571 1146 1501 1999 1178 1163 1201 1019 1798 1340 1688 1495 1682 1286 1129 1231 1646 1032 1561 1669 1693 1402 1290 1320 1932 1568 1070 1027 1212 1032 1802 1041 1642 1595 1106 1942 1095 1692 1766 1472 1673 1317 1103 1496 1657 1657 1793 1906 1774 1636 1764 1678 1922 1244 1383 1384 BCNSPRNW ULIB Ver.6.0+V

เปลี่ยนเป็นภาษาไทย

Change to English
 แสดงรายละเอียดบรรณานุกรม
  กลับหน้าหลัก

Brief Record : Get Marc (ISO 2709) : E-mail record : QR code < ปิดหน้าต่าง
LEADER : 00000nam 2200000uu 4500
001    13399112669
003     ULIB
008    110901s2552||||th 000 0 tha d
020    9789741111008
050  4 K44^bช223ร 2552
100 0  ชลธาร วิศรุตวงศ์
245 00 รวมกฎหมายยาสูบ =^bTobacco law /^cโดย ชลธาร วิศรุตวงศ์ ...[และคนอื่นๆ]
246 31 Tobacco law
250    พิมพ์ครั้งที่ 1
260    กรุงเทพฯ :^bศูนย์วิจัยและจัดการความรู้เพื่อการควบคุมยาสูบ (ศจย.),^c2552
300    ก-ณ, 558 หน้า :^bภาพประกอบ ;^c26 ซม.
536    สนับสนุนโดย ศูนย์วิจัยและจัดการความรู้เพื่อการควบคุมยาสูบ(ศจย.) และ สำนักงานกองทุนสนับสนุนการสร้างเสริมสุขภาพ (สสส.)
610 27 กระทรวงการคลัง^xประกาศ
610 27 กรมสรรพสามิต^xประกาศ
650  4 พระราชบัญญัติยาสูบ พ.ศ. 2509
650  4 พระราชบัญญัติควบคุมผลิตภัณฑ์ยาสูบ พ.ศ. 2535
650  4 พระราชบัญญัติคุ้มครองสุขภาพของผู้ไม่สูบบุหรี่ พ.ศ. 2535
650  4 บุหรี่^vกฎหมายและระเบียบข้อบังคับ^zไทย
650  4 ยาสูบ^vกฎหมายและระเบียบข้อบังคับ^zไทย
700 0  ชลธาร วิศรุตวงศ์
710 2  ศูนย์วิจัยและจัดการความรู้เพื่อการควบคุมยาสูบ (ศจย.)
710 2  สำนักงานกองทุนสนับสนุนการสร้างเสริมสุขภาพ (สสส.)
945    ^p0^l0^i025749
945    ^p0^l0^i025750
995    ทศพร
999 ^a ทศพร
รายการนี้ยังไม่มีแท็ก
คุณยังไม่ได้ล็อกอิน คุณสามารถมีกิจกรรมร่วมกับเว็บไซต์ได้ แต่ต้องล็อกอินก่อน ::
  ล็อกอิน

รายการสื่อสารสนเทศ

ลำดับที่ ประเภท เลขเรียก/บาร์โค้ด สถานที่ สถานะ
- ไม่พบข้อมูล -

รายการใกล้เคียง
    ผู้แต่ง [ชลธาร วิศรุตวงศ์]

BibComment


ยังไม่เคยถูกคอมเมนท์

คอมเมนท์ทรัพยากรรายการนี้
  คอมเมนท์: รวมกฎหมายยาสูบ T..


 Copyright 2026. Bcnsprnw @Library